000 01005nam0a22002771 4500
001 rc\2569634
005 20250623111856.0
035 _a(NLR Aleph) 006734422
090 _a5578359
_c5578359
100 _a20110914d1927 |||y0rusy50 ca
101 1 _arus
_cfre
102 _aRU
105 _ay z |||a|
200 1 _aХромоножка
_eРоман
_fПер. с фр. под ред. Р. Ф. Куллэ
210 _aЛенинград
_cВремя
_d1927
_g2-я тип. Транспечати НКПС
215 _a215 с., [1] с. объявл.
_d21х14 см.
300 _aПредисловие: Р. Куллэ
300 _aНа обороте тит. листа: "Marguerite Audoux" De la ville au moulin"
300 _aОбложка: Николай Ушин
700 1 _7ca
_8rus
_aОду
_bМ.
_f1863-1937
_gМаргарита
_92641400
_3RU\NLR\AUTH\770272353
801 0 _aRU
_bNLR
_gpsbo
801 1 _aRU
_bELAR
_2rusmarc
852 _aNLR
_j24/803
942 _cBOOK
980 _aNB